शोध : अलौकिक विचारांचा - नवनिर्मितीचा (Record no. 34832)

MARC details
000 -LEADER
fixed length control field 00635nam a2200145Ia 4500
008 - FIXED-LENGTH DATA ELEMENTS--GENERAL INFORMATION
fixed length control field 090122s9999 xx 000 0 und d
082 ## - DEWEY DECIMAL CLASSIFICATION NUMBER
Item number 10755
100 ## - MAIN ENTRY--PERSONAL NAME
Personal name आलेगांवकर
Numeration
Titles and other words associated with a name
245 ## - TITLE STATEMENT
Title शोध : अलौकिक विचारांचा - नवनिर्मितीचा
600 ## - SUBJECT ADDED ENTRY--PERSONAL NAME
Personal name आलेगांवकर
630 ## - SUBJECT ADDED ENTRY--UNIFORM TITLE
Uniform title शोध : अलौकिक विचारांचा - नवनिर्मितीचा
700 ## - ADDED ENTRY--PERSONAL NAME
Personal name आलेगांवकर
730 ## - ADDED ENTRY--UNIFORM TITLE
Uniform title शोध : अलौकिक विचारांचा - नवनिर्मितीचा
942 ## - ADDED ENTRY ELEMENTS (KOHA)
Koha item type Book
Holdings
Withdrawn status Lost status Damaged status Not for loan Home library Current library Date acquired Total Checkouts Full call number Barcode Date last seen Copy number Price effective from Koha item type
        Dombivali Granthasangrahalaya, Dombivali Dombivali Granthasangrahalaya, Dombivali 01/22/2009   10755 DOM-10755 01/22/2009 1 01/22/2009 Book